[Event "Vignola Weekend-A 9th"]
[Site "Vignola"]
[Date "2010.11.14"]
[Round "5"]
[White "Sacchetti, Andrea"]
[Black "Ballista, Massimiliano"]
[Result "1-0"]
[WhiteElo "1742"]
[BlackElo "1613"]
[PlyCount "115"]
[EventDate "2010.11.12"]
[EventType "swiss"]
[EventRounds "5"]
[EventCountry "ITA"]
[SourceTitle "EXT 2024"]
[Source "ChessBase"]
[SourceDate "2023.10.10"]
[SourceVersion "1"]
[SourceVersionDate "2023.10.10"]
[SourceQuality "1"]

1. d4 d5 2. c4 c6 3. e3 Nf6 4. Nc3 e6 5. Nf3 Nbd7 6. Qc2 Bd6 7. Bd3 0-0 8. Bd2 Re8 9. 0-0 dxc4 10. Bxc4 e5 11. dxe5 Nxe5 12. Nxe5 Bxe5 13. Ne2 Be6 14. Bxe6 Rxe6 15. Bc3 Bxc3 16. Nxc3 Nd5 17. Rad1 Rd6 18. Ne4 Nb4 19. Qb3 Rxd1 20. Rxd1 Qe7 21. Nc3 Na6 22. Rd2 Nc5 23. Qd1 Rb8 24. a3 Ne6 25. Kf1 Rd8 26. Ke2 Kf8 27. Rxd8+ Qxd8 28. Qd3 Qxd3+ 29. Kxd3 Ke7 30. h4 f5 31. e4 Nc5+ 32. Kd4 Nxe4 33. Nxe4 fxe4 34. Kxe4 Ke6 35. g4 g6 36. f4 b6 37. b4 a6 38. Kd4 Kd6 39. a4 h6 40. a5 c5+ 41. bxc5+ bxc5+ 42. Kc4 h5 43. gxh5 gxh5 44. f5 Ke5 45. Kxc5 Kxf5 46. Kb6 Kg4 47. Kxa6 Kxh4 48. Kb6 Kg3 49. a6 h4 50. a7 h3 51. a8Q Kf2 52. Qh1 Kg3 53. Kc5 Kg4 54. Kd4 Kg3 55. Ke3 h2 56. Ke4 Kh3 57. Kf4 Kh4 58. Qxh2# 1-0